Countries Bordering the 5 Largest Countries - Statistics

General Stats
  • This quiz has been taken 46 times
  • The average score is 32 of 35
Answers on the Map
Answers color-coded by a green-red scale on the quiz's map according to % correct below.
 
Answer Stats
Answer % Correct
Mexico
100%
Argentina
97%
Bolivia
97%
Mongolia
97%
North Korea
97%
Ukraine
97%
Peru
94%
Suriname
94%
Belarus
92%
Colombia
92%
Finland
92%
Guyana
92%
India
92%
Kazakhstan
92%
Lithuania
92%
Pakistan
92%
Paraguay
92%
Poland
92%
Uruguay
92%
Venezuela
92%
Azerbaijan
89%
France
89%
Laos
89%
Latvia
89%
Nepal
89%
Bhutan
86%
Estonia
86%
Georgia
86%
Kyrgyzstan
86%
Myanmar
86%
Tajikistan
86%
Vietnam
86%
Afghanistan
83%
Norway
81%
Denmark
78%
No matching quizzes found
Score Distribution
Percent of People with Each Score
Percentile by Number Answered
Your Score History
You have not taken this quiz